00630nam a2200193Ia 4500003000900000008004100009020001800050040001600068080001700084100002700101245009800128260004400226300001600270650001900286650001600305942000700321999001500328952009300343IN-BaIIA211028s9999 xx 000 0 eng d a0-677-13190-9 cIIA Library a530.1bPEI-1 aPeierls, Rudolf910449 2aA perspective of physicsbvol. 1cRudolf Peierls  aLondonbGordon and Breach Sciencec1977 axxxv, 243p. aNASA Thesaurus aPhysics973 cBK c6019d6019 00104070aBANbBANcGENd1978-11-30l0o530.1/ PEI-1p6724r2021-11-05w1978-11-30yBK